000 00557nam a22001817a 4500
999 _c193691
_d193691
005 20221109153306.0
010 _aENG-135639
020 _a9788190994651
_c395.00
035 _aEN-119171
037 _bDBAD/PUB
082 _a331.31
100 _aPatnaik, Binayak
245 _aA socio-legal study on child labour/
_cby Binayak Patnaik
260 _aBerhampur
_bPrabhat Publication
_c2010
270 _aBarracks Square
_bBerhampur
_e760001
300 _aviii; 168p.
_c22cm(hbk)
_bBibliography & Appendix
942 _2ddc
_cEN
_mPAT
_h331.31